|
|
|
|
| LEADER |
01779njm a2200433 a 4500 |
| 001 |
000292616 |
| 003 |
CZ BrMZK |
| 005 |
20020927090636.0 |
| 008 |
010907s1995 xr f eng d |
| 028 |
0 |
3 |
|a 11 2167-2 131
|b Supraphon
|
| 040 |
|
|
|a BOA001
|b cze
|
| 080 |
|
|
|a 785.72:787.1/.3(086.7)
|2 MRF
|
| 080 |
|
|
|a 785.76:787.1/.3(086.7)
|2 MRF
|
| 080 |
|
|
|a 785.7"19"(086.7)
|2 MRF
|
| 100 |
1 |
|
|a Schulhoff, Ervín,
|d 1894-1942
|7 jn19990209756
|4 cmp
|
| 245 |
1 |
0 |
|a Divertimento for string quartet, op. 14
|h [zvukový záznam] ;
|b Sextet for 2 violins, 2 violas and 2 cellos ; Duo for violin and cello /
|c Ervín Schulhoff.
|
| 260 |
|
|
|a Praha :
|b Supraphon,
|c p1995
|
| 300 |
|
|
|a 1 CD :
|b DDD ;
|c 12 cm +
|e 1 brožura (11 s.).
|
| 306 |
|
|
|a 010104
|
| 490 |
1 |
|
|a Chamber works ;
|v vol. 2
|
| 500 |
|
|
|a Nahr- 1994
|
| 500 |
|
|
|a Durata 61:04
|
| 500 |
|
|
|a Text v brož. vícejaz.
|
| 511 |
0 |
|
|a Jan Talich, housle; Evžen Rattay, violoncello; Pavel Hůla, viola ... [et al.]. Kociánovo kvarteto.
|
| 653 |
0 |
|
|a divertimenta
|a komorní hudba
|a smyčcová dua
|a smyčcové kvartety
|a smyčcové sextety
|
| 700 |
1 |
|
|a Talich, Jan,
|d 1967-
|7 jn20000620380
|4 prf
|
| 700 |
1 |
|
|a Bernášek, Václav,
|d 1944-
|7 jn20000400164
|4 prf
|
| 700 |
1 |
|
|a Hůla, Pavel,
|d 1952-2021
|7 jn20000401153
|
| 700 |
1 |
|
|a Rattay, Evžen,
|d 1945-2015
|7 ola200206090
|4 prf
|
| 710 |
2 |
|
|a Kocianovo kvarteto
|7 kn20010710230
|4 prf
|
| 740 |
0 |
2 |
|a Sextet for 2 violins, 2 violas and 2 cellos
|
| 740 |
0 |
2 |
|a Duo for violin and cello
|
| 830 |
|
0 |
|a Chamber works
|
| 910 |
|
|
|a BOA001
|b CD-0003.539
|
| 964 |
|
|
|a Sextety smyčcové
|x CD
|
| 964 |
|
|
|a Dua smyčcová
|x CD
|
| 964 |
|
|
|a Hudba komorní
|z stol.20.,pol.1.
|x CD
|
| 990 |
|
|
|a AV
|
| 996 |
6 |
|
|b 261H003575
|c CD-0003.539
|l MZK
|r Sklad / do 24 hodin
|n 0
|w 000292616
|u 000010
|a 1
|e BOA001
|j MZK50
|s P
|